[Event "FIDE WAC U2000 2021"]
[Site "Rhodes"]
[Date "2021.10.19"]
[Round "3.1"]
[White "Mohamed Saeed Laily"]
[Black "Celik, Berkay"]
[Result "*"]
[WhiteElo "1996"]
[BlackElo "1846"]
[Annotator "TA"]
[PlyCount "44"]
[EventDate "2021.10.17"]
[EventType "swiss"]
[EventCountry "GRE"]
[SourceTitle "playchess.com"]
[Source "ChessBase"]
[SourceQuality "1"]

{[%evp 9,44,-30,-32,-25,40,30,54,29,43,16,21,5,12,12,19,15,85,93,105,105,102,37,44,36,29,-18,0,0,0,0,0,0,0,0,0,-40,0]} 1. d4 Nf6 2. Nc3 d5 3. Bf4 e6 4. e3 Bb4 5. Bd3 c5 6. dxc5 {D00: 1 d4 d5: Unusual lines.} Qa5 (6... Nbd7 $11) 7. Nge2 $14 Bxc5 {[#]} 8. O-O $146 {White is slightly better.} ({Predecessor:} 8. a3 Qd8 9. O-O O-O 10. e4 Nc6 11. Ng3 Be7 12. exd5 exd5 13. Nf5 Bxf5 14. Bxf5 {0-1 (74) Benitez Lozano,J (2367)-Prilleltensky,M (2136) Chess.com INT 2021}) 8... Bd7 9. a3 {b4 is the strong threat.} Qb6 10. b4 Bd6 11. Bxd6 Qxd6 12. e4 a6 (12... Nc6 $11) 13. exd5 $1 $16 exd5 {[#]} 14. Bc4 $1 {[%mdl 512]} Be6 {[#]} 15. Bb3 (15. Nxd5 $1 $16 {[%mdl 512]} Nxd5 {[#]} 16. Nc3 $1 {[%mdl 64] Pin}) 15... Nc6 16. Nd4 O-O 17. f4 Bg4 18. Qd3 Rad8 19. h3 Bc8 20. Rad1 Rfe8 21. Qf3 Ne7 22. g4 Ne4 {Weighted Error Value: White=0.11/Black=0.17} *

[Event "FIDE WAC U2000 2021"]
[Site "Rhodes"]
[Date "2021.10.19"]
[Round "3.2"]
[White "Baisynov, Islam"]
[Black "Peter Anand, A."]
[Result "0-1"]
[WhiteElo "1955"]
[BlackElo "1787"]
[Annotator "TA"]
[PlyCount "152"]
[EventDate "2021.10.17"]
[EventType "swiss"]
[EventCountry "GRE"]
[SourceTitle "playchess.com"]
[Source "ChessBase"]
[SourceQuality "1"]

{[%evp 12,152,-2,-4,-8,-12,2,-12,21,-21,-12,-13,-8,-27,-30,-49,-8,-70,-68,-155,-133,-153,-128,-133,-132,-131,-114,-130,-123,-122,-128,-111,-103,-114,-85,-112,-100,-126,0,-118,-90,-117,-115,-117,-117,-117,-119,-143,-143,-143,-143,-143,-143,-143,-143,-164,-146,-148,-146,-152,-152,-152,-152,-152,-142,-144,-149,-143,-125,-118,-94,-110,-120,-118,-119,-125,-135,-144,-143,-142,-141,-148,-148,-148,-148,-155,-150,-181,-179,-179,-181,-183,-143,-148,-120,-128,-115,-150,-150,-148,-148,-189,-186,-267,-267,-917,-839,-695,-513,-689,-562,-944,-240,-1956,-1675,-5128,-5039,-29976,-29977,-29978,-29979,-29978,-12198,-29977,-29978,-29981,-29980,-29974,-29975,-29975,-6119,-29987,-29988,-29989,-29990,-29991,-29990,-29986,-29987,-29987,-29988,-29988,-29989]} 1. e4 e6 2. d4 d5 3. exd5 exd5 4. Nf3 Nf6 5. Be2 Bd6 6. O-O O-O 7. Bg5 Re8 {C01: French: Exchange Variation.} 8. Re1 Bf5 9. Nbd2 c6 {The position is equal.} 10. c3 Nbd7 {[#]} 11. Nf1 $146 ({Predecessor:} 11. Nh4 Be6 12. g3 h6 13. Bxf6 Nxf6 14. Bf3 g5 15. Ng2 {½-½ (59) Weinberger,P-Brusey,A (2054) Paignton 2019}) 11... Qc7 12. Ng3 Bg4 13. Qc2 Ne4 {...Bxf3 is the strong threat.} 14. Bd2 (14. Bh4 $11) 14... Ndf6 $15 15. Bf1 (15. Nxe4 $15 dxe4 16. Ne5 Bxe2 17. Rxe2) 15... Bxf3 $17 16. gxf3 Nxd2 ({Not} 16... Bxg3 17. hxg3 Nxd2 18. Qxd2 $11) 17. Qxd2 Bf4 18. Qc2 Qd7 19. Kg2 g6 20. Bd3 Rxe1 21. Rxe1 Re8 22. Rg1 Kh8 23. Qd1 Rg8 24. Re1 Re8 25. Rg1 $1 Qd6 (25... h5 {is more complex.} 26. Ne2 Bh6 27. Kh1 Re7 28. Nc1 Qh3) 26. Re1 Rxe1 27. Qxe1 Kg7 28. h4 h5 29. Qe2 Qd8 30. Kh3 Ne8 31. Qe1 Nc7 32. Qg1 Kf8 33. Bc2 Qf6 34. Qh1 Bd6 35. Kg2 Be7 36. Qh3 Ne6 {And now ...Nf4+ would win.} 37. Ne2 Qxh4 38. Qxh4 Bxh4 {[%mdl 4096] Endgame KBN-KBN} 39. f4 Kg7 40. f5 Nf8 41. fxg6 fxg6 42. f4 Kf6 43. Kf3 Ne6 44. b3 Be1 {Hoping for ...Bxc3!} 45. c4 Bb4 46. cxd5 cxd5 47. Bd3 a6 48. Ke3 Ba3 49. Kf3 Bb2 50. Ke3 h4 51. Kf3 Nxd4+ 52. Kg4 Nxe2 53. Bxe2 {KB-KB} Bc1 54. Bf1 a5 55. Bg2 Ke6 $1 56. Kg5 b6 57. Bh3+ (57. Kg4 {keeps fighting.}) 57... Kd6 $19 58. Kxg6 $2 (58. Kxh4 Bxf4 59. Kg4) 58... Bxf4 59. Kf5 Bg3 60. Bg2 Kc5 61. a3 Bc7 $2 (61... a4 62. bxa4 Kc4) 62. a4 $2 (62. Kg4) 62... Bg3 63. Kg4 d4 64. Bf1 Kb4 65. Kf3 Kxb3 66. Ke4 Bf2 (66... Kc3 $142 67. Bb5 h3 68. Kf3 {[#]} h2 $1 69. Kg2 d3 $1 70. Bc6 d2 $1 71. Bf3 Kc2 $1 72. Kxg3 h1=Q {[%mdl 64] Deflection, Promotion} 73. Bxh1 d1=Q 74. Be4+ Kc1 75. Kf4 Qxa4 76. Ke5 Qe8+ 77. Kd4 Qh8+ 78. Kd5 a4 79. Ke6 a3 80. Bd5 Qd4 81. Ba2 Qe3+ 82. Kd7 Qd2+ {[%mdl 64] Double Attack} 83. Ke8 Qxa2 84. Ke7 Qd5 85. Kf6 a2 86. Kg7 a1=Q+ 87. Kg6 Qe6+ 88. Kh5 Qh8+ 89. Kg5 Qhh6#) 67. Bb5 h3 68. Kd3 h2 69. Bc6 Be3 70. Ke2 Kc3 71. Kd1 Bg5 {Black mates.} 72. Bd5 d3 73. Be4 Kd4 74. Bh1 Ke3 75. Ke1 d2+ 76. Kd1 Kf2 {Weighted Error Value: White=0.31/Black=0.09} 0-1

[Event "FIDE WAC U2000 2021"]
[Site "Rhodes"]
[Date "2021.10.19"]
[Round "3.3"]
[White "Dogu, Hasim"]
[Black "Degrande, Marigje"]
[Result "*"]
[WhiteElo "1852"]
[BlackElo "1889"]
[Annotator "NA RC"]
[PlyCount "40"]
[EventDate "2021.10.17"]
[EventType "swiss"]
[EventCountry "GRE"]
[SourceTitle "playchess.com"]
[Source "ChessBase"]
[SourceQuality "1"]
[TimeControl "5400+30"]

1. b3 {[%emt 0:00:12]} Nf6 {[%emt 0:00:41]} 2. Bb2 {[%emt 0:00:15]} g6 {[%emt 0:00:22]} 3. e3 {[%emt 0:06:18]} d5 {[%emt 0:01:01]} 4. c4 {[%emt 0:02:05]} c6 {[%emt 0:00:55]} 5. Nf3 {[%emt 0:02:43]} Bg7 {[%emt 0:00:29]} 6. Be2 {[%emt 0:07:49]} O-O {[%emt 0:00:10]} 7. h3 {[%emt 0:00:28]} Re8 {[%emt 0:04:53]} 8. O-O {[%emt 0:02:27]} Nbd7 {[%emt 0:01:46]} 9. cxd5 {[%emt 0:00:20]} cxd5 {[%emt 0:01:20]} 10. d4 {[%emt 0:02:54]} Ne4 {[%emt 0:00:35]} 11. Nc3 {[%emt 0:02:46]} Ndf6 {[%emt 0:02:42]} 12. Rc1 {[%emt 0:06:27]} a6 {[%emt 0:00:55]} 13. Qc2 {[%emt 0:06:48]} Bf5 {[%emt 0:10:55]} 14. Nxe4 {[%emt 0:00:41]} dxe4 {[%emt 0:04:59]} 15. Ne5 {[%emt 0:01:35]} Rc8 {[%emt 0:01:56]} 16. Qd2 {[%emt 0:05:50]} Nd5 {[%emt 0:04:56]} 17. Bc4 {[%emt 0:06:22]} b5 {[%emt 0:04:38]} 18. Bxd5 {[%emt 0:10:41]} Qxd5 {[%emt 0:00:10]} 19. Rxc8 {[%emt 0:06:39]} Rxc8 {[%emt 0:06:12]} 20. Qb4 {[%emt 0:08:17]} Bf8 {[%emt 0:26:30]} *

[Event "FIDE WAC U2000 2021"]
[Site "Rhodes"]
[Date "2021.10.19"]
[Round "3.4"]
[White "Tarnowska, Aleksandra"]
[Black "Sielicki, Tomasz"]
[Result "1/2-1/2"]
[WhiteElo "1841"]
[BlackElo "1875"]
[Annotator "NA RC"]
[PlyCount "114"]
[EventDate "2021.10.17"]
[EventType "swiss"]
[EventCountry "GRE"]
[SourceTitle "playchess.com"]
[Source "ChessBase"]
[SourceQuality "1"]
[TimeControl "5400+30"]

1. e4 {[%emt 0:00:06]} e5 {[%emt 0:00:20]} 2. Nf3 {[%emt 0:00:12]} Nc6 {[%emt 0:00:08]} 3. Bb5 {[%emt 0:00:07]} f5 {[%emt 0:00:09]} 4. d4 {[%emt 0:00:11]} fxe4 {[%emt 0:00:38]} 5. Nxe5 {[%emt 0:00:10]} Nxe5 {[%emt 0:00:10]} 6. dxe5 {[%emt 0:00:08]} c6 {[%emt 0:00:18]} 7. Nc3 {[%emt 0:00:12]} cxb5 {[%emt 0:00:14]} 8. Nxe4 {[%emt 0:00:08]} d5 {[%emt 0:00:43]} 9. exd6 {[%emt 0:01:39]} Nf6 {[%emt 0:00:09]} 10. Bg5 {[%emt 0:00:31]} Qa5+ {[%emt 0:00:45]} 11. Nc3 {[%emt 0:00:13]} b4 {[%emt 0:01:59]} 12. Bxf6 {[%emt 0:00:39]} gxf6 {[%emt 0:01:01]} 13. Nd5 {[%emt 0:00:17]} b3+ {[%emt 0:01:45]} 14. c3 {[%emt 0:00:27]} Be6 {[%emt 0:04:19]} 15. Nc7+ {[%emt 0:12:01]} Kd7 {[%emt 0:00:23]} 16. O-O {[%emt 0:23:41]} Bxd6 {[%emt 0:07:03]} 17. Nxe6 {[%emt 0:05:52]} Qe5 {[%emt 0:08:35]} 18. g3 {[%emt 0:06:36]} Qxe6 {[%emt 0:00:19]} 19. Re1 {[%emt 0:02:52]} Qf5 {[%emt 0:08:29]} 20. Qxb3 {[%emt 0:01:36]} Kc7 {[%emt 0:07:02]} 21. Qf7+ {[%emt 0:22:09]} Kc6 {[%emt 0:01:50]} 22. b4 {[%emt 0:08:28]} Rad8 {[%emt 0:12:43]} 23. a4 {[%emt 0:03:41]} Qd5 {[%emt 0:11:00]} 24. b5+ {[%emt 0:03:21]} Kc5 {[%emt 0:00:07]} 25. Qxf6 {[%emt 0:01:24]} Rhf8 {[%emt 0:00:33]} 26. Qh4 {[%emt 0:01:37]} Kb6 {[%emt 0:14:23]} 27. a5+ {[%emt 0:03:38]} Kc7 {[%emt 0:00:16]} 28. b6+ {[%emt 0:00:38]} Kb8 {[%emt 0:02:06]} 29. bxa7+ {[%emt 0:01:50]} Ka8 {[%emt 0:01:37]} 30. a6 {[%emt 0:00:32]} Bc5 {[%emt 0:03:21]} 31. axb7+ {[%emt 0:00:27]} Qxb7 {[%emt 0:01:47]} 32. Ra2 {[%emt 0:00:34]} Qf3 {[%emt 0:03:24]} 33. Qe4+ {[%emt 0:00:26]} Qxe4 {[%emt 0:00:29]} 34. Rxe4 {[%emt 0:00:01]} Rd3 {[%emt 0:03:48]} 35. Rc4 {[%emt 0:01:00]} Rf5 {[%emt 0:00:16]} 36. Rb2 {[%emt 0:00:27]} Rdf3 {[%emt 0:00:44]} 37. Kg2 {[%emt 0:00:37]} Rxf2+ {[%emt 0:01:56]} 38. Rxf2 {[%emt 0:00:05]} Rxf2+ {[%emt 0:00:36]} 39. Kh3 {[%emt 0:00:28]} Bxa7 {[%emt 0:00:23]} 40. Rf4 {[%emt 0:00:54]} Kb7 {[%emt 0:01:44]} 41. Rxf2 {[%emt 0:00:32]} Bxf2 {[%emt 0:00:02]} 42. Kh4 {[%emt 0:00:28]} Kc6 {[%emt 0:00:34]} 43. Kh5 {[%emt 0:00:14]} Be3 {[%emt 0:00:08]} 44. g4 {[%emt 0:00:31]} Kd5 {[%emt 0:00:30]} 45. g5 {[%emt 0:00:31]} Ke6 {[%emt 0:00:06]} 46. Kh6 {[%emt 0:00:38]} Kf7 {[%emt 0:00:50]} 47. h4 {[%emt 0:00:38]} Kg8 {[%emt 0:00:05]} 48. c4 {[%emt 0:00:28]} Bc5 {[%emt 0:00:07]} 49. Kh5 {[%emt 0:00:27]} Kg7 {[%emt 0:00:23]} 50. Kg4 {[%emt 0:00:16]} h6 {[%emt 0:01:10]} 51. Kh5 {[%emt 0:00:36]} hxg5 {[%emt 0:00:07]} 52. hxg5 {[%emt 0:00:08]} Be3 {[%emt 0:00:16]} 53. g6 {[%emt 0:01:02]} Bc5 {[%emt 0:00:20]} 54. Kg5 {[%emt 0:00:08]} Be3+ {[%emt 0:00:09]} 55. Kf5 {[%emt 0:00:11]} Bc5 {[%emt 0:00:08]} 56. Kg5 {[%emt 0:00:45]} Be3+ {[%emt 0:00:05]} 57. Kf5 {[%emt 0:00:08]} Bc5 {[%emt 0:00:04]} 1/2-1/2

[Event "FIDE WAC U2000 2021"]
[Site "Rhodes"]
[Date "2021.10.19"]
[Round "3.5"]
[White "Rudecki, Bartosz"]
[Black "Tenuunbold, Battulga"]
[Result "1/2-1/2"]
[WhiteElo "1859"]
[BlackElo "1753"]
[Annotator "NA RC"]
[PlyCount "56"]
[EventDate "2021.10.17"]
[EventType "swiss"]
[EventCountry "GRE"]
[SourceTitle "playchess.com"]
[Source "ChessBase"]
[SourceQuality "1"]
[TimeControl "5400+30"]

1. e4 {[%emt 0:01:26]} c5 {[%emt 0:00:04]} 2. b3 {[%emt 0:00:03]} Nf6 {[%emt 0:00:49]} 3. e5 {[%emt 0:04:30]} Nd5 {[%emt 0:00:05]} 4. Bb2 {[%emt 0:00:52]} Nc6 {[%emt 0:00:24]} 5. Bc4 {[%emt 0:02:13]} e6 {[%emt 0:00:56]} 6. Nf3 {[%emt 0:02:24]} Be7 {[%emt 0:00:40]} 7. O-O {[%emt 0:00:22]} O-O {[%emt 0:00:44]} 8. Re1 {[%emt 0:00:46]} f6 {[%emt 0:03:12]} 9. d4 {[%emt 0:07:31]} cxd4 {[%emt 0:01:39]} 10. Bxd5 {[%emt 0:02:34]} exd5 {[%emt 0:00:06]} 11. Nxd4 {[%emt 0:00:16]} fxe5 {[%emt 0:00:14]} 12. Nf3 {[%emt 0:02:16]} d6 {[%emt 0:00:21]} 13. Qxd5+ {[%emt 0:00:11]} Kh8 {[%emt 0:00:03]} 14. c4 {[%emt 0:04:42]} Bg4 {[%emt 0:00:46]} 15. Nbd2 {[%emt 0:02:57]} Nb4 {[%emt 0:01:02]} 16. Qxb7 {[%emt 0:01:35]} Nc2 {[%emt 0:00:11]} 17. Rac1 {[%emt 0:05:48]} Nxe1 {[%emt 0:00:22]} 18. Nxe1 {[%emt 0:00:12]} Bg5 {[%emt 0:01:26]} 19. Rc2 {[%emt 0:01:09]} Bd1 {[%emt 0:14:13]} 20. Rc1 {[%emt 0:01:07]} Bxd2 {[%emt 0:02:45]} 21. Rxd1 {[%emt 0:05:55]} Bxe1 {[%emt 0:02:32]} 22. Rxe1 {[%emt 0:00:07]} Qa5 {[%emt 0:00:08]} 23. Re2 {[%emt 0:02:49]} Qxa2 {[%emt 0:03:31]} 24. f3 {[%emt 0:00:46]} Rab8 {[%emt 0:07:40]} 25. Qe7 {[%emt 0:00:58]} Rfe8 {[%emt 0:07:20]} 26. Qxd6 {[%emt 0:05:27]} Rxb3 {[%emt 0:00:57]} 27. Qd7 {[%emt 0:00:57]} Rg8 {[%emt 0:01:32]} 28. Bxe5 {[%emt 0:00:46]} Qxe2 {[%emt 0:05:02]} 1/2-1/2

[Event "FIDE WAC U2000 2021"]
[Site "Rhodes"]
[Date "2021.10.20"]
[Round "4.1"]
[White "Degrande, Marigje"]
[Black "Peter Anand, A."]
[Result "1/2-1/2"]
[WhiteElo "1889"]
[BlackElo "1787"]
[Annotator "NA"]
[PlyCount "77"]
[EventDate "2021.10.17"]
[EventType "swiss"]
[EventCountry "GRE"]
[SourceTitle "playchess.com"]
[Source "ChessBase"]
[SourceQuality "1"]
[TimeControl "5400+30"]

1. c4 {[%emt 0:00:02]} c6 {[%emt 0:00:22]} 2. e4 {[%emt 0:00:04]} d5 {[%emt 0:04:21]} 3. cxd5 {[%emt 0:00:04]} cxd5 {[%emt 0:00:14]} 4. exd5 {[%emt 0:00:04]} Qxd5 {[%emt 0:01:28]} 5. Nc3 {[%emt 0:00:04]} Qd8 {[%emt 0:03:38]} 6. Nf3 {[%emt 0:00:06]} Nf6 {[%emt 0:00:46]} 7. Bc4 {[%emt 0:00:12]} e6 {[%emt 0:01:44]} 8. O-O {[%emt 0:00:26]} Be7 {[%emt 0:02:06]} 9. d4 {[%emt 0:00:15]} O-O {[%emt 0:00:21]} 10. Qe2 {[%emt 0:00:51]} Nc6 {[%emt 0:02:54]} 11. Rd1 {[%emt 0:00:34]} Na5 {[%emt 0:08:26]} 12. Bd3 {[%emt 0:00:54]} b6 {[%emt 0:02:16]} 13. Bf4 {[%emt 0:04:50]} Bb7 {[%emt 0:03:48]} 14. Rac1 {[%emt 0:05:05]} Nd5 {[%emt 0:09:16]} 15. Bg3 {[%emt 0:05:08]} Bg5 {[%emt 0:08:46]} 16. Nxg5 {[%emt 0:04:10]} Qxg5 {[%emt 0:00:13]} 17. Ne4 {[%emt 0:00:40]} Qh6 {[%emt 0:10:59]} 18. Nd6 {[%emt 0:14:12]} Nf4 $2 {[%emt 0:05:05]} (18... Rad8 $14) 19. Bxf4 {[%emt 0:03:05]} (19. Qd2 $18 Nd5 20. Qxh6 gxh6 21. Be4) 19... Qxf4 {[%emt 0:01:01] [#]} 20. Nxb7 {[%emt 0:00:07]} (20. Qe5 $142 $1 {[%cal Re5f4]} Qxe5 21. dxe5) 20... Nxb7 {[%emt 0:00:05]} 21. Qe4 {[%emt 0:00:31]} (21. g3 $16 Qh6 22. Qe5) 21... Qxe4 {[%emt 0:00:07]} 22. Bxe4 {[%emt 0:00:03]} Rab8 {[%emt 0:00:07]} 23. d5 {[%emt 0:05:04]} Nc5 $11 {[%emt 0:03:03]} 24. Bf3 {[%emt 0:01:16]} exd5 {[%emt 0:00:10]} 25. Rxd5 {[%emt 0:00:51]} Rfd8 {[%emt 0:06:31]} 26. Rcd1 {[%emt 0:03:00]} Rxd5 {[%emt 0:00:43]} 27. Rxd5 {[%emt 0:00:15]} a5 {[%emt 0:02:05]} 28. Kf1 {[%emt 0:01:56]} Kf8 {[%emt 0:00:44]} 29. a3 {[%emt 0:15:04]} Ke7 {[%emt 0:00:56]} 30. Ke1 {[%emt 0:02:48]} Rd8 {[%emt 0:01:14]} 31. Rxd8 {[%emt 0:03:04]} Kxd8 {[%emt 0:00:03]} 32. Kd2 {[%emt 0:00:26]} Kd7 {[%emt 0:02:02]} 33. Kc3 {[%emt 0:03:12]} Kd6 {[%emt 0:01:23]} 34. b4 {[%emt 0:04:44]} axb4+ {[%emt 0:00:08]} 35. axb4 {[%emt 0:00:07]} Ne6 {[%emt 0:02:46]} 36. Kc4 {[%emt 0:02:35]} Nc7 {[%emt 0:01:20]} 37. Bb7 {[%emt 0:03:16]} Ke5 {[%emt 0:01:05]} 38. Bc6 {[%emt 0:01:04]} Kd6 {[%emt 0:00:06]} 39. Bb7 {[%emt 0:00:45]} 1/2-1/2

[Event "FIDE WAC U2000 2021"]
[Site "Rhodes"]
[Date "2021.10.20"]
[Round "4.2"]
[White "Tenuunbold, Battulga"]
[Black "Mohamed Saeed Laily"]
[Result "1/2-1/2"]
[WhiteElo "1753"]
[BlackElo "1996"]
[Annotator "ChessBase"]
[PlyCount "75"]
[EventDate "2021.10.17"]
[EventType "swiss"]
[EventCountry "GRE"]
[SourceTitle "playchess.com"]
[Source "ChessBase"]
[SourceQuality "1"]
[TimeControl "5400+30"]

1. d4 {[%emt 0:00:02]} d5 {[%emt 0:00:04]} 2. c4 {[%emt 0:00:05]} e6 {[%emt 0:00:04]} 3. Nc3 {[%emt 0:00:04]} Nf6 {[%emt 0:00:05]} 4. cxd5 {[%emt 0:00:07]} exd5 {[%emt 0:00:01]} 5. Bg5 {[%emt 0:00:09]} Be7 {[%emt 0:00:06]} 6. Qc2 {[%emt 0:00:10]} c6 {[%emt 0:00:06]} 7. e3 {[%emt 0:00:30]} Nbd7 {[%emt 0:00:13]} 8. Bd3 {[%emt 0:00:32]} O-O {[%emt 0:00:06]} 9. Nf3 {[%emt 0:00:09]} Re8 {[%emt 0:00:12]} 10. O-O {[%emt 0:00:23]} Nf8 {[%emt 0:00:18]} 11. h3 {[%emt 0:00:25]} Bd6 {[%emt 0:01:15]} 12. Rab1 {[%emt 0:04:32]} a5 {[%emt 0:00:07]} 13. a3 {[%emt 0:00:10]} Ng6 {[%emt 0:00:11]} 14. b4 {[%emt 0:15:11]} h6 {[%emt 0:00:18]} 15. Bxf6 {[%emt 0:01:26]} Qxf6 {[%emt 0:00:01]} 16. Bxg6 {[%emt 0:06:36]} fxg6 {[%emt 0:00:19]} 17. e4 {[%emt 0:03:53]} Qf4 {[%emt 0:07:43]} 18. e5 {[%emt 0:03:39]} Bf5 {[%emt 0:01:50]} 19. Qb2 {[%emt 0:05:22]} Bxb1 {[%emt 0:01:33]} 20. Qxb1 {[%emt 0:00:03]} axb4 {[%emt 0:06:11]} 21. Ne2 {[%emt 0:21:34]} Qe4 {[%emt 0:30:38]} 22. exd6 {[%emt 0:01:48]} Qxb1 {[%emt 0:02:22]} 23. Rxb1 {[%emt 0:00:13]} Rxe2 {[%emt 0:00:06]} 24. Rxb4 {[%emt 0:00:15]} Re6 {[%emt 0:10:04]} 25. d7 {[%emt 0:11:02]} b5 {[%emt 0:00:11]} 26. a4 {[%emt 0:00:56]} bxa4 {[%emt 0:15:53]} 27. Rxa4 {[%emt 0:00:17]} Rd8 {[%emt 0:00:09]} 28. Ra7 {[%emt 0:00:49]} Kf7 {[%emt 0:09:48]} 29. Rc7 {[%emt 0:02:19]} g5 {[%emt 0:04:46]} 30. g3 {[%emt 0:13:20]} Ke7 {[%emt 0:01:39]} 31. Ne5 {[%emt 0:00:05]} Rxe5 {[%emt 0:00:07]} 32. dxe5 {[%emt 0:00:02]} Ke6 {[%emt 0:00:58]} 33. f4 {[%emt 0:00:07]} gxf4 {[%emt 0:02:03]} 34. gxf4 {[%emt 0:00:28]} c5 {[%emt 0:06:13]} 35. Rc6+ {[%emt 0:07:05]} Kxd7 {[%emt 0:00:01]} 36. Rxc5 {[%emt 0:00:12]} Ke6 {[%emt 0:00:19]} 37. Kf2 {[%emt 0:00:36]} Rc8 {[%emt 0:00:59]} 38. Ke1 {[%emt 0:00:04]} 1/2-1/2

[Event "FIDE WAC U2000 2021"]
[Site "Rhodes"]
[Date "2021.10.20"]
[Round "4.3"]
[White "Sielicki, Tomasz"]
[Black "Zielinski, Olgierd"]
[Result "1/2-1/2"]
[WhiteElo "1875"]
[BlackElo "1785"]
[Annotator "NA"]
[PlyCount "52"]
[EventDate "2021.10.17"]
[EventType "swiss"]
[EventCountry "GRE"]
[SourceTitle "playchess.com"]
[Source "ChessBase"]
[SourceQuality "1"]
[TimeControl "5400+30"]

1. d4 {[%emt 0:00:08]} Nf6 {[%emt 0:00:07]} 2. Bf4 {[%emt 0:00:17]} d5 {[%emt 0:00:18]} 3. e3 {[%emt 0:00:37]} c5 {[%emt 0:00:22]} 4. c3 {[%emt 0:00:33]} Nc6 {[%emt 0:00:13]} 5. Nd2 {[%emt 0:00:31]} Bf5 {[%emt 0:00:47]} 6. Ngf3 {[%emt 0:02:03]} cxd4 {[%emt 0:04:02]} 7. exd4 {[%emt 0:00:22]} Ne4 {[%emt 0:09:47]} 8. Nh4 {[%emt 0:11:25]} Nxd2 {[%emt 0:02:29]} 9. Qxd2 {[%emt 0:00:39]} Bd7 {[%emt 0:00:15]} 10. Bd3 {[%emt 0:02:37]} e5 {[%emt 0:27:35]} 11. Bg5 {[%emt 0:03:28]} f6 {[%emt 0:00:46]} 12. Be3 {[%emt 0:02:47]} e4 {[%emt 0:01:13]} 13. Be2 {[%emt 0:00:12]} Bd6 {[%emt 0:09:08]} 14. g4 {[%emt 0:09:07]} g6 {[%emt 0:02:59]} 15. O-O-O {[%emt 0:05:37]} Qa5 {[%emt 0:00:58]} 16. Kb1 {[%emt 0:01:02]} O-O-O {[%emt 0:00:09]} 17. f3 {[%emt 0:10:41]} f5 $14 {[%emt 0:03:35]} 18. gxf5 {[%emt 0:08:23]} gxf5 {[%emt 0:00:08]} 19. Ng2 {[%emt 0:02:42]} Rhg8 {[%emt 0:05:16]} 20. Rdg1 {[%emt 0:02:53]} Qc7 {[%emt 0:02:41]} 21. Nf4 {[%emt 0:02:34]} Ne7 {[%emt 0:00:25]} 22. c4 {[%emt 0:01:36]} Rxg1+ {[%emt 0:08:55]} 23. Rxg1 {[%emt 0:00:19]} dxc4 {[%emt 0:00:12]} 24. fxe4 {[%emt 0:04:03]} c3 {[%emt 0:01:19]} 25. Qxc3 {[%emt 0:01:46]} Qxc3 {[%emt 0:00:50]} 26. bxc3 {[%emt 0:00:06]} fxe4 {[%emt 0:00:07]} 1/2-1/2

[Event "FIDE WAC U2000 2021"]
[Site "Rhodes"]
[Date "2021.10.20"]
[Round "4.4"]
[White "Stathatos, Alexandros"]
[Black "Rudecki, Bartosz"]
[Result "1/2-1/2"]
[WhiteElo "1651"]
[BlackElo "1859"]
[Annotator "NA"]
[PlyCount "43"]
[EventDate "2021.10.17"]
[EventType "swiss"]
[EventCountry "GRE"]
[SourceTitle "playchess.com"]
[Source "ChessBase"]
[SourceQuality "1"]
[TimeControl "5400+30"]

1. e4 {[%emt 0:00:03]} e5 {[%emt 0:04:58]} 2. Nf3 {[%emt 0:00:06]} Nc6 {[%emt 0:00:03]} 3. Bb5 {[%emt 0:00:07]} f5 {[%emt 0:00:06]} 4. d3 {[%emt 0:00:25]} fxe4 {[%emt 0:00:08]} 5. dxe4 {[%emt 0:00:05]} Nf6 {[%emt 0:00:04]} 6. O-O {[%emt 0:06:52]} Bc5 {[%emt 0:01:23]} 7. Bxc6 {[%emt 0:01:19]} bxc6 {[%emt 0:00:14]} 8. Nxe5 {[%emt 0:03:14]} O-O {[%emt 0:01:40]} 9. Nd3 {[%emt 0:07:09]} Nxe4 {[%emt 0:01:22]} 10. Nxc5 {[%emt 0:00:47]} Nxc5 {[%emt 0:00:08]} 11. Be3 {[%emt 0:01:34]} Ne6 {[%emt 0:00:23]} 12. Nd2 {[%emt 0:02:37]} d5 {[%emt 0:01:14]} 13. Nb3 {[%emt 0:01:18]} Qd6 {[%emt 0:02:08]} 14. Qd2 {[%emt 0:04:39]} c5 {[%emt 0:08:39]} 15. f3 {[%emt 0:02:57]} d4 {[%emt 0:05:01]} 16. Bf2 {[%emt 0:00:41]} Ba6 {[%emt 0:04:36]} 17. Rfe1 $11 {[%emt 0:07:36]} Rad8 {[%emt 0:02:23]} 18. Rad1 {[%emt 0:02:10]} Rfe8 {[%emt 0:03:22]} 19. Nc1 {[%emt 0:10:36]} Qb6 {[%emt 0:08:51]} 20. c3 {[%emt 0:04:13]} dxc3 {[%emt 0:06:00]} 21. Qxc3 {[%emt 0:00:23]} Rxd1 {[%emt 0:00:48]} 22. Rxd1 {[%emt 0:00:08]} 1/2-1/2